000 01718nam a2200313 i 4500
003 DO-SdBPM
005 20260225105558.0
007 ta
008 210422b2021 dr ac||| |||| 00| 0 spa d
020 4 _a9789993431589
040 _aDO-SdBPM
_bspa
_cBPMSU
_erda
041 _hspa
082 0 4 _a920.2
_bB582d 2021
_222
245 0 0 _aBiblioteca Nacional Pedro Henríquez Ureña :
_bdirectores (1971-2021) /
_ccompilador, Ramón Saba
264 4 _aSanto Domingo :
_bBiblioteca Nacional Pedro Henríquez Ureña (BNPHU),
_c©2021.
300 _a79 páginas :
_bilustraciones ; retratos ;
_c24 cm.
336 _atexto
_btxt
_2rdacontent
337 _asin mediación
_bn
_2sin mediación
338 _avolumen
_bnc
_2rdacarrier
490 0 _aColección de la Biblioteca Nacional Pedro Henríquez Ureña
505 0 _aMedio siglo. Rafael Peralta Romero --
_tPedro René Contín Aybar --
_tAnaiboní Guerrero Báez --
_tPedro Gil Iturbides --
_tTomás Báez Díaz --
_tPedro B. Purcell Peña --
_tTony Raful Tejada --
_t Pedro Fernández Pellerano (Pedro Peix) --
_tNolberto Luis Soto --
_tCándido Gerón --
_tCésar A. Herrera Cabral --
_tAntonio Fernández Spencer --
_tÉlida Jiménez Victorio --
_tDiómedes Núñez Polanco --
_tAndrés L. Mateo --
_tDiógenes Céspedes --
_tRafael Peralta Romero --
_tDatos históricos por Diógenes Valdez.
590 _aInventariado, 2026 / VM
650 7 _aDirectores de bibliotecas
_zRepública Dominicana
_y1971-2021
_vBiografías
650 7 _aBibliotecas nacionales
_xAdministración
_y1971-2021
700 1 _aSaba, Ramón,
_d1948-
_ecompilador
_4comp.
710 2 _aBiblioteca Nacional Pedro Henríquez Ureña
910 _aVMateo V. Control de calidad BPMSU
942 _2ddc
_cBK
999 _c15734
_d15734